| 000 | 00813pab a2200157 454500 | ||
|---|---|---|---|
| 008 | 180718b2004 xxu||||| |||| 00| 0 eng d | ||
| 100 | _aRajiv, R.A. | ||
| 245 | _aEmpowering street children in India: need for a paradigm shift | ||
| 260 | _c2004 | ||
| 300 | _ap.114-31. | ||
| 362 | _aDec | ||
| 520 | _aIn this paper Shri R.A. Rajiv, examines for phenomenon of street children, their definition, characteristics and handling by Government and civil society. The reasons for this phenomenon are also examined, particularly in the Indian context. Finally he focuses on one successful street children project being run by an NGO. "Butter Files" in Delhi and draws lessons, in terms of policy implications from that project. - Reproduced. | ||
| 650 | _aStreet children | ||
| 773 | _aAdministrator | ||
| 909 | _a68521 | ||
| 999 |
_c68521 _d68521 |
||